000 00322 a2200157 4500
001 68079
020 _a9783126071420
040 _cAnchieta - Pituba
100 _aFleer, Sarah
240 1 0 _aKlasse! B1
_ldeu / ger
245 1 0 _aKlasse! B1
300 _a144
362 0 _a2020
650 4 _aLíngua alemã
942 _cBK
999 _c68079
_d68079